حيوانات الصحراء و طيورها / (رقم التسجيلة. 53483)

تفاصيل مارك
000 -LEADER
fixed length control field 00587nam a22002057a 4500
005 - DATE AND TIME OF LATEST TRANSACTION
control field 20251108170957.0
008 - FIXED-LENGTH DATA ELEMENTS--GENERAL INFORMATION
fixed length control field 250721s1992 xx 000 0 ara d
082 14 - DEWEY DECIMAL CLASSIFICATION NUMBER
Classification number ط/ 591.91/ حيو
245 10 - TITLE STATEMENT
Title حيوانات الصحراء و طيورها /
250 ## - EDITION STATEMENT
Edition statement ط2
264 1# - PRODUCTION, PUBLICATION, DISTRIBUTION, MANUFACTURE, AND COPYRIGHT NOTICE
Place of production, publication, distribution, manufacture بيروت :
Name of producer, publisher, distributor, manufacturer مكتبة لبنان،
Date of production, publication, distribution, manufacture, or copyright notice 1992.
300 ## - PHYSICAL DESCRIPTION
Extent 31ص
490 0# - SERIES STATEMENT
Series statement كتب الفراشة
650 17 - SUBJECT ADDED ENTRY--TOPICAL TERM
Topical term or geographic name as entry element الحيوانات
650 17 - SUBJECT ADDED ENTRY--TOPICAL TERM
Topical term or geographic name as entry element الطيور
650 17 - SUBJECT ADDED ENTRY--TOPICAL TERM
Topical term or geographic name as entry element الصحاري
653 ## - INDEX TERM--UNCONTROLLED
Uncontrolled term اطفال مرحله متوسطه (6-9) سنوات
942 ## - ADDED ENTRY ELEMENTS (KOHA)
Source of classification or shelving scheme Dewey Decimal Classification
Koha item type كتب
المقتنيات
حالة السحب حالة الفقدان مصدر التصنيف حالة التلف غير قابل للإعارة المكتبة الرئيسية المكتبة الحالية موقع الرف تاريخ التزويد الرقم المتسلسل Total Checkouts رقم الإستدعاء تاريخ آخر ظهور تاريخ الفاتورة نوع المادة (كوها) الباركود
    Dewey Decimal Classification     المكتبة المركزية المكتبة المركزية الأطفال 02/04/2012 1521153   ط/ 591.91/ حيو 28/07/2025 02/04/2012 كتب PLD00247881
    Dewey Decimal Classification     مكتبة أم المؤمنين للأطفال مكتبة أم المؤمنين للأطفال الأطفال 28/07/2025 417955   ط/ 591.91/ حيو 28/07/2025 28/07/2025 كتب 417955
    Dewey Decimal Classification Unchecked   مكتبة الأميرة ايمان العامة مكتبة الأميرة ايمان العامة الأطفال 06/07/2004 1728   ط/ 591.91/ حيو 28/07/2025 06/07/2004 كتب  
    Dewey Decimal Classification     مكتبة الأميرة ايمان العامة مكتبة الأميرة ايمان العامة الأطفال 13/05/2009 1272312   ط/ 591.91/ حيو 28/07/2025 13/05/2009 كتب PLD00090234
    Dewey Decimal Classification     مكتبة الاميرة بديعة مكتبة الاميرة بديعة الأطفال 13/05/2009 1272317   ط/ 591.91/ حيو 28/07/2025 13/05/2009 كتب PLD00090239
    Dewey Decimal Classification     مكتبة الحسن العامة مكتبة الحسن العامة الأطفال 13/05/2009 1272316   ط/ 591.91/ حيو 28/07/2025 13/05/2009 كتب PLD00090238
Withdrawn   Dewey Decimal Classification     مكتبة الراية الهاشمية للأطفال مكتبة الراية الهاشمية للأطفال الأطفال 13/05/2009 1272314   ط/ 591.91/ حيو 28/07/2025 13/05/2009 كتب PLD00090236
Withdrawn   Dewey Decimal Classification     مكتبة الراية الهاشمية للأطفال مكتبة الراية الهاشمية للأطفال الأطفال 21/10/2015 296858   ط/ 591.91/ حيو 28/07/2025 21/10/2015 كتب PLD00357961
    Dewey Decimal Classification     مكتبة الياسمين للأطفال مكتبة الياسمين للأطفال الأطفال 31/03/2014 557069   ط/ 591.91/ حيو 28/07/2025 31/03/2014 كتب PLD00297287
    Dewey Decimal Classification     مكتبة صويلح العامة مكتبة صويلح العامة الأطفال 13/05/2009 1272313   ط/ 591.91/ حيو 28/07/2025 13/05/2009 كتب PLD00090235
    Dewey Decimal Classification Unchecked   مكتبةمؤتة مكتبةمؤتة الأطفال 06/07/2004 887   ط/ 591.91/ حيو 28/07/2025 06/07/2004 كتب  
    Dewey Decimal Classification     مكتبةمؤتة مكتبةمؤتة الأطفال 13/05/2009 1272315   ط/ 591.91/ حيو 28/07/2025 13/05/2009 كتب PLD00090237
Implemented & Customized by: BBB with SCIT (Smart Chains for Information Technology)

Powered by Koha